000 01190nmc a2200433 a 4500
003 AR-BaBNM
005 20251128205718.0
008 011101s1996 ||||||||||||||000 | spa||
020 _a950-701-333-4
040 _cAR-BaBNM
100 1 _aBaquero, Ricardo
245 1 0 _aVigotsky y el aprendizaje escolar
250 _a1ª ed.
260 _aBuenos Aires
_bAique
_c1996
300 0 _a255 p.
490 0 _aPsicología cognitiva y educación
500 0 _aNotas p. 239-244
500 0 _aReferencias bibliográficas p. 245-255
600 1 4 _aLeontiev, Aleksei Nikolaevich
600 1 4 _aLuria, A.R.
600 1 4 _aBruner, Jerome S.
600 1 4 _aBasil, Bernstein
650 4 _aPSICOLOGIA DE LA EDUCACION
650 4 _aLENGUAJE
650 4 _aPENSAMIENTO
650 4 _aCOGNICION
650 4 _aPROCESOS MENTALES SUPERIORES
650 4 _aDESARROLLO DEL NINO
650 4 _aDESARROLLO DEL LENGUAJE
650 4 _aPSICOLOGIA DE LOS PROCESOS SENSORIALES
650 4 _aPERCEPCION
650 4 _aCULTURA
650 4 _aAPRENDIZAJE
650 4 _aPEDAGOGIA
653 0 _aPSICOLOGIA COGNITIVA
800 1 _aCarretero, Mario
_edirector
942 _cBK
998 _carturo
999 _c12509
_d12509